effect of green house on cucumber hot season condition in saang district, kandal province,ឥទិ្ធពលគម្របផ្ទះសំណាញលើដំណាំត្រសក់ លក្ខខណ្ឌរដូវប្រាំង ស្រុកស្អាង ខេត្តកណ្តាល (Record no. 19246)

000 -LEADER
fixed length control field 00804nam a22001697a 4500
003 - CONTROL NUMBER IDENTIFIER
control field LRUA
005 - DATE AND TIME OF LATEST TRANSACTION
control field 20220614145146.0
008 - FIXED-LENGTH DATA ELEMENTS--GENERAL INFORMATION
fixed length control field 220614b xxu||||| |||| 00| 0 eng d
040 ## - CATALOGING SOURCE
Transcribing agency RUA
082 ## - DEWEY DECIMAL CLASSIFICATION NUMBER
Classification number AGR SAK 2017 B433 Or.1
100 ## - MAIN ENTRY--PERSONAL NAME
Personal name SAK YOUSEANG,សាក់ យូស៊ាង
245 ## - TITLE STATEMENT
Title effect of green house on cucumber hot season condition in saang district, kandal province,ឥទិ្ធពលគម្របផ្ទះសំណាញលើដំណាំត្រសក់ លក្ខខណ្ឌរដូវប្រាំង ស្រុកស្អាង ខេត្តកណ្តាល
260 ## - PUBLICATION, DISTRIBUTION, ETC. (IMPRINT)
Place of publication, distribution, etc. RUA
Name of publisher, distributor, etc. phnom penh
Date of publication, distribution, etc. 2017
300 ## - PHYSICAL DESCRIPTION
Extent xiii;33p;
Other physical details ill;
Dimensions 29cm;
856 ## - ELECTRONIC LOCATION AND ACCESS
Uniform Resource Identifier https://drive.google.com/file/d/1ooo_TzOUn26WkkAnvwJflRRJ6fw5E4eZ/view?usp=sharing
942 ## - ADDED ENTRY ELEMENTS (KOHA)
Koha item type AGR
Source of classification or shelving scheme
Holdings
Price effective from Date last seen Permanent Location Not for loan Date acquired Source of classification or shelving scheme Koha item type Lost status Withdrawn status Date last checked out Total Checkouts Damaged status Barcode Shelving location Current Location Full call number
2020-07-152020-07-15Library Block B 2020-07-15 AGR     A064571 Library Block BAGR SAK 2017 B433 Or.1
2020-07-152020-07-15Library Block B 2020-07-15 AGR     A064455B433Library Block BAGR SAK 2017 B433 Or.2
2020-07-152020-07-15Library Block B 2020-07-15 AGR     A064567B433Library Block BAGR SAK 2017 B433 Or.3
2020-07-152024-07-31Library Block B 2020-07-15 AGR  2024-07-252 A064507B433Library Block BAGR SAK 2017 B433 Or.4
2020-07-152020-07-15Library Block B 2020-07-15 AGR     A064447B433Library Block BAGR SAK 2017 B433 Or.5
2020-07-152023-03-22Library Block B 2020-07-15 AGR  2023-03-151 A064519B433Library Block BAGR SAK 2017 B433 Or.1
មជ្ឈមណ្ឌលឯការនៃសាកលវិទ្យាល័យភូមិន្ទកសិកម្មចំការដូង

Powered by Koha